Le Kazakhstan pour les touristes... - Facile - Statistiques

Statistiques générales
  • Ce quiz a été pris 5 fois
  • Le résultat moyen est 12 sur 21
Statistiques - réponses
Question Indice Réponses Indice facile % Correct
La vitesse est limitée sur les voies express à {120} km/h
100%
Quelles sont les principales villes touristiques ? A Almaty LAYATM
100%
Quelles sont les principales villes touristiques ? A Astana TANASA
100%
La conduite se fait à droite ou à gauche ? Droite
100%
La religion majoritaire est Islam I
100%
Quelles sont les langues officielles ? Kazakh K
100%
Le suffixe internet est kz
100%
Dans la capitale y-a-t-il un décalage horaire avec Paris ? (oui/non) Oui
100%
Quelles sont les langues officielles ? Russe R
100%
Achats à faire 1/ Habitat en miniature Yourte TOUYER
100%
Le taux d'alcoolémie toléré au volant est de {0} g/l
75%
Quelles autres langues sont répandues ? A Anglais
50%
Achats à faire 3/ Pour jouer ou décorative Poupée PEPEOU
50%
Quelles autres langues sont répandues ? A Allemand
25%
Achats à faire 2/ Instrument de musique Dombra OMBRAD
25%
Quels parc nationaux peut-on visiter ? B Bayanaul BALAYANU
0%
Quels parc nationaux peut-on visiter ? C Charyn NYARCH
0%
Quelles sont les principales villes touristiques ? C Chimkent CIMENTHK
0%
Quels parc nationaux peut-on visiter ? K Karkaraly KRAALAKRY
0%
Quelle est la monnaie ? Tenge T
0%
Quelles sont les principales villes touristiques ? T Turkestan SATURENTK
0%
Aucun quiz correspondant
Distribution des résultats
% des personnes avec chaque résultat
Percentile par nombre de réponses
Votre historique - résultats
Vous n’avez pas pris ce quiz